000
00222nam a22001097a 4500
999
_c
65124
_d
65121
082
_a
297.922R A H
100
_a
A.Rahman
245
_a
The Eternal message of Muhammad
260
_a
New York
300
_a
289p
942
_c
BK